| 000 | 00774nam a2200301Ia 4500 | ||
|---|---|---|---|
| 008 | 170203s9999 xx 000 0 und d | ||
| 020 | _a0-590461036 | ||
| 050 | _a534 | ||
| 050 | _bB496s | ||
| 100 | _aBerger, Melvin. | ||
| 245 | _aSound, heat & light: | ||
| 245 | _benergy at work / | ||
| 245 | _cby Melvin Berger ; illustrated by Anna DiVito. | ||
| 260 | _aNew York : | ||
| 260 | _bScholastic, Inc., | ||
| 260 | _c1992 | ||
| 300 | _a40 pages : | ||
| 300 | _billustrations ; | ||
| 300 | _c22 cm | ||
| 440 | _aReady-to-go classroom library., | ||
| 440 | _vGrade 2. | ||
| 650 | _aHeat -- | ||
| 650 | _aLight -- | ||
| 650 | _aSound -- | ||
| 650 | _xJuvenile literature. | ||
| 650 | _xJuvenile literature. | ||
| 650 | _xJuvenile literature. | ||
| 999 |
_c306294 _d306294 |
||